Statistics for Historical Monarchs A-Z

Click here to take the quiz!

General Stats

  • This quiz has been taken 1,758 times
  • The average score is 18 of 26

Answer Stats

ClueMonarch% Correct
E"The Virgin Queen"Elizabeth
97%
PTsar who built Saint PetersburgPeter
93%
GFounder of the Mongol EmpireGenghis Khan
92%
IQueen who ruled with FerdinandIsabella
91%
VQueen widow of Prince AlbertVictoria
91%
CKing of the Franks since 768Charlemagne
87%
HJapanese emperor during WWIIHirohito
87%
LBelgian king who owned,
and misused, the Congo
Leopold II
85%
NCorsican conqueror of EuropeNapoleon
85%
W"Silent" prince of OrangeWilliam
84%
R"Great" pharaoh who reigned
for 66 years
Ramesses II
82%
XPersian king who conquered GreeceXerxes
78%
F"Great" King of PrussiaFrederick II
77%
QFirst emperor of ChinaQin Shi Huang
71%
TSecond Roman emperorTiberius
70%
BAncient British queenBoudica
65%
J"Great" Byzantine emperor who
reconquered Italy
Justinian
65%
MAztec emperor killed in 1520Moctezuma II
58%
SZulu warrior-kingShaka
57%
USecond modern king of ItalyUmberto
53%
DLegendary Carthaginian first queenDido
50%
Y"Great" first legendary
emperor of China
Yu
44%
OEstablished the Ottoman EmpireOsman
37%
KFirst emperor of Yuan ChinaKublai Khan
35%
A"Great" Mauryan emperorAshoka
23%
ZLast Shah of AfghanistanZahir Shah
8%

Score Distribution

Percentile by Number Answered

Percent of People with Each Score

Your Score History

You have not taken this quiz